01202nam a2200253 i 4500001000700000003000900007005001700016008004100033080000800074100003500082245018900117260005800306300006700364490008100431530003500512650001700547650002600564700002300590752002400613830006800637852004200705856008900747856011200836155348ES-MaACL20250814080102.0941221s1883 sp af f |||| | spa d a6871 aHernando de Pereda, Cesáreo.10aManual del sastre : bmétodo teórico-práctico para el corte y confección de toda clase de vestidos civiles, militares y eclesiásticos / cpor D. Cesáreo Hernando de Pereda. aMadrid : bEst. Tip. Editorial de G. Estrada, c1883. a2 v. (238 : bil. ; 199 p., [1] h. pleg. de lám.) ; c17 cm.1 aBiblioteca enciclopédica popular ilustrada. Sección 1ª. Artes y oficios aDisponible en formato digital. 4aSastrería. 4aCorte y confección.1 aEstrada, Gregorio. aEspaña - dMadrid10aBiblioteca enciclopédica popular ilustrada. pArtes y oficios aES-MaACLjF-13645-46 z- Enc. hol. uhttp://bdh-rd.bne.es/viewer.vm?id=0000167338&page=1 zBiblioteca Digital Hispánica uhttps://bibliotecadigital.jcyl.es/es/consulta/registro.do?id=22704zBiblioteca Digital de Castilla y León